| 000 | 00726nam a2200229 a 4500 | ||
|---|---|---|---|
| 005 | 20140310183526.0 | ||
| 008 | 110910s19uu xx 00 eng d | ||
| 020 | _a0538880562 | ||
| 020 | _a0314207112 | ||
| 050 |
_aHF 5635 _b.B249 1997 |
||
| 100 | _aBarfield, Jesse T. | ||
| 245 |
_aWeston Manufacturing : _ban activity-based costing case / _cJesse T. Barfield, Cecily A. Raiborn and Michael R. Kinney. |
||
| 250 | _a2nd ed. | ||
| 260 |
_aOhio : _bSouth-Westren College Publishing, _c1997. |
||
| 300 |
_a30 p. : _c25 cm. |
||
| 521 | _aBSA | ||
| 650 |
_aAccounting _xExaminations, questions, problems, etc |
||
| 700 | _aRaiborn, Cecily A. | ||
| 700 | _aKinney, Michael R. | ||
| 942 |
_cBK _2lcc _kFOR |
||
| 999 |
_c24508 _d24508 |
||